| 000 | 01161nam a2200241 a 4500 | ||
|---|---|---|---|
| 999 |
_c422 _d422 |
||
| 003 | AR-BaISA | ||
| 005 | 20190312162858.0 | ||
| 007 | ta | ||
| 008 | 000711s2014 ag ad ||1 ||spa d | ||
| 020 | _a9786079356231 | ||
| 040 | _cAR-BaISA | ||
| 082 | 0 | 4 |
_222 _a611.018 G287 |
| 100 | 1 | 0 |
_aGeneser, Finn _91060 _eaut. |
| 245 | 1 | 0 |
_aHistología _h[Texto impreso] / _cFinn Geneser |
| 250 | _a4ª ed. | ||
| 260 |
_aBuenos Aires: _bMédica Panamericana, _c2014 |
||
| 300 |
_aXIV, 813 p.: _bil., graf.; _c28 cm. |
||
| 504 | _aBibiliografía p: 723-727 | ||
| 504 | _aÍndice analítico p: 729-754 | ||
| 505 |
_tMétodos histológicos -- _tCitoplasma -- _tNúcleo celular -- _tDe células a tejido -- _tEpitelio -- _tGlándulas y secreción -- _tTejido conectivo -- _tTejido adiposo -- _tSangre -- _tMédula osea -- _tTejido esquelético -- _tTejido muscular -- _tTejido nervioso -- _tSistema circulatorio -- _tSistema inmunitario; tejidos y órganos linfoides -- _tPiel -- _tSistema digestivo -- _tSistema respiratorio -- _tSistema endocrino -- _tSistema genital -- _tGlándulas mamarias -- _tEl ojo -- _tOído |
||
| 650 | 1 | 4 |
_aHistología _91061 |
| 942 |
_2ddc _cLI |
||